000 00607nam a2200265Ia 4500
005 20260306164537.0
008 008 260114s9999 xx 000 0 eng d
020 _a9780191872488
037 _aEBOOK
040 _aCRL
040 _beng
040 _cCRL
041 _2eng
041 _aeng
084 _qCRL
100 _aFraser
245 0 _aForensic Science: A Very Short Introduction
260 _bOxford University Press
260 _c2019
650 _aLaw
856 _uhttps://academic.oup.com/book/28437
942 _cEBOOK
999 _c1714456
_d1714456